International Finance (Record no. 6744)
[ view plain ]
| 005 - DATE AND TIME OF LATEST TRANSACTION | |
|---|---|
| control field | 20250716150452.0 |
| 020 ## - INTERNATIONAL STANDARD BOOK NUMBER | |
| International Standard Book Number | 9987-9103-2-7 |
| 082 ## - DEWEY DECIMAL CLASSIFICATION NUMBER | |
| Classification number | 332.042 BAK |
| 100 ## - MAIN ENTRY--PERSONAL NAME | |
| Author name | BAKAR, R. B |
| 245 ## - TITLE STATEMENT | |
| Title | International Finance |
| 260 ## - PUBLICATION, DISTRIBUTION, ETC. | |
| Place of publication, distribution, etc. | Morogoro |
| Name of publisher, distributor, etc. | First Contact Business and Risk Analysts |
| Date of publication, distribution, etc. | 2013. |
| 300 ## - PHYSICAL DESCRIPTION | |
| Extent | xii,810p.: ill.; figures, tables |
| Other physical details | Index |
| Dimensions | 27cm |
| 942 ## - ADDED ENTRY ELEMENTS (KOHA) | |
| Source of classification or shelving scheme | Dewey Decimal Classification |
| Koha item type | Books |
| Date last seen | Total checkouts | Full call number | Barcode | Cost, replacement price | Price effective from | Koha item type | Lost status | Source of classification or shelving scheme | Damaged status | Not for loan | Withdrawn status | Home library | Current library | Shelving location | Date acquired | Source of acquisition | Cost, normal purchase price |
|---|---|---|---|---|---|---|---|---|---|---|---|---|---|---|---|---|---|
| 07/16/2025 | 332.042 BAK | MZA0003520 | 150000.00 | 07/16/2025 | Books | Dewey Decimal Classification | CBE Mwanza | CBE Mwanza | General Collection | 06/27/2025 | Donation from NBAA | 50000.00 | |||||
| 07/16/2025 | 332.042 BAK | MZA0003521 | 150000.00 | 07/16/2025 | Books | Dewey Decimal Classification | CBE Mwanza | CBE Mwanza | General Collection | 06/27/2025 | Donation from NBAA | 50000.00 | |||||
| 07/16/2025 | 332.042 BAK | MZA0003522 | 150000.00 | 07/16/2025 | Books | Dewey Decimal Classification | CBE Mwanza | CBE Mwanza | General Collection | 06/27/2025 | Donation from NBAA | 50000.00 |
